|
|
|
|
| LEADER |
00000nab a2200000 a 4500 |
| 001 |
vtls010204680 |
| 003 |
SK-MaSNL |
| 005 |
20260303093619.0 |
| 008 |
110118 2010 xo 000 0 slo |
| 015 |
|
|
|a SNBRB2011/01
|2 lmaosk
|
| 040 |
|
|
|a LMAOSK
|b slo
|c LMAOSK
|e AACR2
|
| 041 |
0 |
|
|a cze
|a slo
|
| 044 |
|
|
|a xo
|c SK
|
| 080 |
|
|
|a 354.61
|x (437.6)
|2 2001
|
| 080 |
|
|
|a 929 Ondrejcsák, Róbert
|2 2001
|
| 100 |
1 |
|
|a Vitko, Pavol,
|d 1964-
|4 aut
|9 219103
|
| 245 |
1 |
0 |
|a Strategické hodnotenie obrany
|c Pavol Vitko
|
| 300 |
|
|
|b Fotogr.
|
| 610 |
1 |
7 |
|a Slovensko.
|b Ministerstvo obrany
|2 lmaosk
|9 114952
|
| 650 |
0 |
7 |
|a strategické hodnotenie obrany
|2 lmaosk
|9 1104985
|
| 773 |
0 |
|
|t ATM
|g Roč. 42, č. 12 (2010)
|x 1802-4823
|
| 773 |
0 |
8 |
|i Príl.:
|t ATM+ Vojenský profesionál
|g S. 87
|
| 852 |
|
|
|a LMAOSK
|b KIS3GCP
|
| 910 |
|
|
|a lmaosk
|
| 958 |
|
|
|a NB
|
| 999 |
|
|
|c 1816396
|d 1818326
|